000 00469nam a22001937a 4500
003 OSt
008 240509b |||||||| |||| 00| 0 eng d
020 _a9789354645648
082 _a658.1 PAF
100 _aPARRINO, Robert
245 _aFundamentals of Corporate Finance
250 _a 5th. ed
260 _aNew Delhi
_bWiley
_c2023
300 _aMISC
700 _aBATES, Thomas W
700 _aGILLAN, Stuart L
700 _aKIDWELL, David S
942 _2ddc
_cBK
999 _c12676
_d12676